The genus Ipomoea (Convolvulaceae) in the state of Rio Grande do Norte, Brazil (Registro n. 339086)
[ somente texto ]
| 000 -LÍDER | |
|---|---|
| fixed length control field | 02766nab a2200265 i 4500 |
| 003 - CÓDIGO MARC DA AGÊNCIA CATALOGADORA | |
| Campo de controle | BR-BrBNA |
| 005 - DATA E HORA DA ÚLTIMA ATUALIZAÇÃO | |
| Campo de controle | 20251117151431.0 |
| 008 - CAMPO DE TAMANHO FIXO | |
| fixed length control field | 251117b2023 bl.ar|pooa||| 00| 0 eng | |
| 040 ## - FONTE DA CATALOGAÇÃO | |
| Agência catalogadora | BR-BrBNA |
| Idioma da catalogação | eng |
| 072 ## - CATEGORIA AGRIS | |
| Código AGRIS | F70 |
| 100 ## - ENTRADA PRINCIPAL - NOME PESSOAL | |
| Nome pessoal | Marinho, Antoniela Morais |
| 100 ## - ENTRADA PRINCIPAL - NOME PESSOAL | |
| Nome pessoal | Costa, Swami Leitão |
| 100 ## - ENTRADA PRINCIPAL - NOME PESSOAL | |
| Nome pessoal | Buril, Maria Teresa |
| 245 ## - TÍTULO PRINCIPAL | |
| Título principal | The genus Ipomoea (Convolvulaceae) in the state of Rio Grande do Norte, Brazil |
| 500 ## - NOTA GERAL | |
| Nota geral | Publicação on-line; 39 ref.; 5 illus.; Summaries (En, Pt) |
| 942 ## - ADDED ENTRY ELEMENTS (KOHA) | |
| Koha item type | Analítica |
| 520 ## - NOTA DE RESUMO | |
| Nota de conteúdo | <br/><br/>Abstract<br/><br/>Ipomoea has a cosmopolitan distribution, being more diverse in the tropics. It is the largest genus of<br/>Convolvulaceae, containing about 700 species, with more than a half occurring in the Americas. Approximately<br/>150 species occur in Brazil, of which 80 are found in the Northeast region. The state of Rio Grande do Norte<br/>is considered one of the least floristically known in Brazil. This study was based on field expeditions and<br/>analysis of specimens from the herbaria. Thirty-tree species were found, with eight new records for the study<br/>area: Ipomoea chiquitensis, I. cynanchifolia, I. goyazensis, I. grandifolia, I. magna, I. queirozii, I. ramosissima<br/>and I. syringifolia. An identification key, genus and species descriptions, illustrations and distribution maps<br/>are presented.<br/><br/>Key words: Caatinga,Flora of Brazil, taxonomy, vines.<br/><br/><br/><br/><br/><br/>Resumo<br/><br/>Ipomoea apresenta distribuição cosmopolita, sendo mais diversa nos trópicos. É o maior gênero de<br/>Convolvulaceae, com ca. 700 species, das quais mais da metade ocorre nas Américas. É representado no<br/>Brasil por aproximadamente 150 species, das quais 80 estão presentes na região Nordeste. O estado do Rio<br/>Grande do Norte é considerado um dos estados com amostragem florística mais subestimada no Brasil. Este<br/>estudo foi feito com base em expedições de campo e análise de materiais de herbários. Foram encontradas<br/>33 especies, das quais oito são novos registros para a área de estudo: Ipomoea chiquitensis, I. cynanchifolia, <br/>I. goyazensis, I. grandifolia, I. magna, I. queirozii, I. ramosissima e I. syringifolia. São apresentados uma<br/>chave de identificação, descrições do gênero e das espécies, ilustrações e mapas de distribuição.<br/><br/>Palavras-chave: Caatinga,Flora do Brasil, taxonomia, trepadeiras. |
| 650 ## - ASSUNTO - THESAGRO | |
| Cabeçalho tópico ou nome geográfico | CAATINGA |
| 650 ## - ASSUNTO - THESAGRO | |
| Cabeçalho tópico ou nome geográfico | FLORA |
| 650 ## - ASSUNTO - THESAGRO | |
| Cabeçalho tópico ou nome geográfico | TAXONOMIA |
| 650 ## - ASSUNTO - THESAGRO | |
| Cabeçalho tópico ou nome geográfico | TREPADEIRA |
| 773 0# - ENTRADA ANALÍTICA | |
| Host Biblionumber | 709 |
| Registro do item | 359038 |
| Imprenta | Rio de Janeiro-RJ Jardim Botanico do Rio de Janeiro 1935 |
| Outro identificador | 2025-7012 |
| Título | Rodriguésia (Brazil) |
| ISSN | 0370-6583; 2175-7860 on-line |
| Colação | v. 74 p. 1-25; (2023) |
| Número de controle de registro | BR2025004436 |
| 856 ## - ACESSO E ENDEREÇO ELETRÔNICO | |
| Identificador uniforme de recurso - URI | https://www.scielo.br/j/rod/a/ZfkNrWXf3txyxsDLPgLvMwd/?format=pdf&lang=en |
Nenhum exemplar disponível.

BINAGRI